Southville International School and Colleges
Your cart is empty.
  • Cart
  • Lists
    Public lists Eva Luna New books Lux_list list_1
    Your lists Log in to create your own lists
  • Log in to your account
  • Your cookies
  • Search history
Southville International School and Colleges
  • Advanced search
  • Recent comments
  • Most popular
  • Libraries

Log in to your account

Log in with GOOGLE


If you do not have an external account, but do have a local account, you can still log in:

  1. Home
  2. MARC view: Operations and supply management :
Normal view MARC view ISBD view

Operations and supply management : (Record no. 23330)

[ view plain ]
MARC details
000 -LEADER
fixed length control field 00578nam a2200217 a 4500
005 - DATE AND TIME OF LATEST TRANSACTION
control field 20140310183449.0
008 - FIXED-LENGTH DATA ELEMENTS--GENERAL INFORMATION
fixed length control field 081223s19uu xx 00 eng d
020 ## - INTERNATIONAL STANDARD BOOK NUMBER
International Standard Book Number 9780071261883
050 ## - LIBRARY OF CONGRESS CALL NUMBER
Classification number TS 155
Item number .J27 2008
100 ## - MAIN ENTRY--PERSONAL NAME
Personal name Jacobs, Roberts F.
245 ## - TITLE STATEMENT
Title Operations and supply management :
Remainder of title the core. /
260 ## - PUBLICATION, DISTRIBUTION, ETC. (IMPRINT)
Place of publication, distribution, etc Boston :
Name of publisher, distributor, etc McGraw-Hill,
Date of publication, distribution, etc 2008.
300 ## - PHYSICAL DESCRIPTION
Extent 415 p. :
Other physical details ill. ;
Dimensions 26 cm.
521 ## - TARGET AUDIENCE NOTE
Target audience note
650 ## - SUBJECT ADDED ENTRY--TOPICAL TERM
Topical term or geographic name as entry element BSBA.
650 ## - SUBJECT ADDED ENTRY--TOPICAL TERM
Topical term or geographic name as entry element Production management.
700 ## - ADDED ENTRY--PERSONAL NAME
Personal name Chase, Richard B.
942 ## - ADDED ENTRY ELEMENTS (KOHA)
Koha item type Books
Source of classification or shelving scheme Library of Congress Classification
Call number prefix Foreign
Holdings
Withdrawn status Lost status Source of classification or shelving scheme Damaged status Home library Current library Shelving location Date acquired Source of acquisition Total Checkouts Full call number Barcode Date last seen Date checked out Copy number Price effective from Koha item type
    Library of Congress Classification   College Library College Library General Circulation Section 01/16/2014 Donation 1 TS 155 .J27 2008 C9998 05/15/2018 11/23/2015 1 01/16/2014 Books
    Library of Congress Classification   College Library College Library General Circulation Section 01/16/2014 Donation   TS 155 .J27 2008 C10229 05/15/2018   2 01/16/2014 Books

Operations and supply management :

APA

Jacobs R. F., Chase R. B., . (2008). Operations and supply management. Boston: McGraw-Hill.

Chicago

Jacobs Roberts F, Chase Richard B, . 2008. Operations and supply management. Boston: McGraw-Hill.

Harvard

Jacobs R. F., Chase R. B., . (2008). Operations and supply management. Boston: McGraw-Hill.

MLA

Jacobs Roberts F, Chase Richard B, . Operations and supply management. Boston: McGraw-Hill. 2008.

  • Place hold
  • Print
  • Cite
  • Add to your cart (remove)
  • Save record
    BIBTEX Dublin Core MARCXML MARC (non-Unicode/MARC-8) MARC (Unicode/UTF-8) MARC (Unicode/UTF-8, Standard) MODS (XML) RIS
  • More searches
    Search for this title in:
    Other Libraries (WorldCat) Other Databases (Google Scholar) Online Stores (Bookfinder.com) Open Library (openlibrary.org)

Exporting to Dublin Core...

SOUTHVILLE LIBRARY

Southville International School and Colleges Library

1281 Tropical Ave. Cor. Luxembourg St., BF Homes International, Las Pinas City

Tel. No. 8256374 / 252358 Loc. 117/146

Powered by Koha